LEADER 01246nam a2200277 4500 001 000000347856 003 CaOOAMICUS 005 20211020094721.0 008 210915s2021 it a 000 u ita r 020 $a978-88-946219-0-7 040 $aSeMil$bita 245 00$aSguardi a terra :$bimmigrazione, tratta e prostituzione : anche a Bergamo e provincia. 264 1$aSerina (BG) :$bFondazione Gedama onlus,$c2021. 300 $a397 p. :$bill. ;$c24 cm 541 0 $aOmaggio mons. Mario Delpini (3M IV 293) 650 4$aProstituzione - Italia.$0(OLS)http://semarc/subject/18432 650 4$aImmigrazione - Lombardia.$0(OLS)http://semarc/subject/40899 710 2 $aFondazione Gedama onlus .$0(OLS)http://semarc/name/114826 850 $aSeMil 852 $aSeMil$W1$xVenegono$y1$m3M IV 293$j229685$B238901$CSeMilBibl$Z2$F238901 $81 941 1 $a7 961 $aOmaggio mons. Mario Delpini 996 $6020$a978-88-946219-0-7$9(OLS)http://semarc/number/294117 996 $6245$aSguardi a terra :$bimmigrazione, tratta e prostituzione : anche a Bergamo e provincia$9(OLS)http://semarc/title/437160 996 $6264$aSerina (BG) :$bFondazione Gedama onlus$9(OLS)http://semarc/publisher/60133 LEADER 01127nam a2200277 4500 001 000000359951 003 CaOOAMICUS 005 20240925142807.0 008 240925s2008 it 000 u ita r 020 $a978-88-304-2040-3 040 $aSeMil$bita 100 1 $aBrodrick, William.$0(OLS)http://semarc/name/120500 240 14$aThe Gardens of the Dead.$0(OLS)http://semarc/title/450375 245 13$aUn caso dimenticato /$cromanzo di William Brodrick ; traduzione di Isabella C. Blum. 264 1$aMilano :$bLonganesi,$c2008. 300 $a373 p. ;$c22 cm 490 1 $aLa gaja scienza ;$v868 700 1 $aBlum, Isabella C.$0(OLS)http://semarc/name/108977 830 3$aLa gaja scienza ;$v868.$0(OLS)http://semarc/title/1166 850 $aSeMil 852 $aSeMil$W1$xVenegono$y1$m1T VI 83$j251073$B250997$CSeMilBibl$Z2$F250997 $81 961 $aAndreini don Luca - Omaggio 996 $6020$a978-88-304-2040-3$9(OLS)http://semarc/number/301304 996 $6245$aUn caso dimenticato$9(OLS)http://semarc/title/450376 996 $6264$aMilano :$bLonganesi$9(OLS)http://semarc/publisher/30008